|
|
|
|
| LEADER |
01912nam a2200541 i 4500 |
| 001 |
nkc20172882887 |
| 003 |
CZ PrNK |
| 005 |
20170323120824.0 |
| 007 |
ta |
| 008 |
170227s2017 xr acf e 000 0bcze |
| 015 |
|
|
|a cnb002882887
|
| 020 |
|
|
|a 978-80-7505-619-1
|q (vázáno) :
|c Kč 249,00
|
| 035 |
|
|
|a (OCoLC)982108034
|
| 040 |
|
|
|a OLA001
|b cze
|e rda
|
| 041 |
1 |
|
|a cze
|h eng
|
| 043 |
|
|
|a e-it---
|
| 045 |
|
|
|a x9y1
|
| 072 |
|
7 |
|a 796
|x Sport. Hry. Tělesná cvičení
|2 Konspekt
|9 20
|
| 072 |
|
7 |
|a 929
|x Biografie
|2 Konspekt
|9 8
|
| 080 |
|
|
|a 796.332.071.2
|2 MRF
|
| 080 |
|
|
|a 929
|2 MRF
|
| 080 |
|
|
|a 796.332
|2 MRF
|
| 080 |
|
|
|a (450)
|2 MRF
|
| 080 |
|
|
|a (092)
|2 MRF
|
| 100 |
1 |
|
|a Part, Michael,
|d 1949-
|7 xx0197099
|4 aut
|
| 240 |
1 |
0 |
|a Balotelli.
|l Česky
|
| 245 |
1 |
0 |
|a Mario Balotelli :
|b zlobivé dítě /
|c Michael Part ; z anglického originálu ... přeložil David Sajvera
|
| 264 |
|
1 |
|a Praha :
|b XYZ,
|c 2017
|
| 300 |
|
|
|a 146 stran, 16 nečíslovaných stran obrazových příloh :
|b barevné ilustrace, portréty ;
|c 21 cm
|
| 336 |
|
|
|a text
|b txt
|2 rdacontent
|
| 337 |
|
|
|a bez média
|b n
|2 rdamedia
|
| 338 |
|
|
|a svazek
|b nc
|2 rdacarrier
|
| 600 |
1 |
7 |
|a Balotelli, Mario,
|d 1990-
|7 mzk2017944824
|2 czenas
|
| 648 |
|
7 |
|a 20.-21. století
|7 ch462155
|2 czenas
|
| 648 |
|
7 |
|a 21. století
|7 ch460559
|2 czenas
|
| 650 |
0 |
7 |
|a fotbalisté
|7 ph114579
|z Itálie
|y 20.-21. století
|2 czenas
|
| 650 |
0 |
7 |
|a fotbal
|7 ph114578
|y 21. století
|2 czenas
|
| 650 |
0 |
9 |
|a soccer players
|z Italy
|y 20th-21st centuries
|2 eczenas
|
| 650 |
0 |
9 |
|a soccer
|y 21st century
|2 eczenas
|
| 655 |
|
7 |
|a biografie
|7 fd131909
|2 czenas
|
| 655 |
|
9 |
|a biography
|2 eczenas
|
| 700 |
1 |
|
|a Sajvera, David
|7 xx0070735
|4 trl
|
| 910 |
2 |
|
|a BOA001
|b 2-1384.283
|
| 928 |
9 |
|
|a Albatros Media - XYZ
|
| 990 |
|
|
|a BK
|
| 995 |
|
|
|a 01
|
| 991 |
|
|
|b 201703
|c NOV
|
| 996 |
6 |
|
|b 2610699630
|c 2-1384.283
|l MZK
|r Sklad / do 1 hodiny
|n 1
|p p.v.
|w 001601651
|u 000010
|a 1
|e BOA001
|j MZK50
|s P
|